| 000 | 01397 a2200193 4500 | ||
|---|---|---|---|
| 001 | 54114 | ||
| 005 | 20260407155812.0 | ||
| 008 | 260407a1947 arg spa d | ||
| 003 | AR-UNSa-BCEJYS | ||
| 040 |
_aAR-UNSa-BCEJYS _bspa _cAR-UNSa-BCEJYS |
||
| 080 |
_a330 _xEconomía en general |
||
| 245 | 1 | 0 | _aRiesgo, incertidumbre y beneficio |
| 264 | 1 |
_aMadrid : _bAguilar _c1947 |
|
| 300 |
_a342 p. _c22 cm. |
||
| 505 | _aPrimera parte: Introducción - I. Puesto que ocupan el beneficio y la incertidumbre en la teoría económica - II. Teorías del beneficio.La variación y el riesgo en relación con el beneficio - Segunda parte: La competencia perfecta - III. La teoría de la elección y del cambio - IV. Producción conjunta y capitalización - V. La variación y el progreso cuando no existe la incertidumbre - VI. Requisitos previos de importancia secundaria para la competencia perfecta - Tercera parte: La competencia imperfecta debida al riesgo y la incertidumbre - VII. El significado del riesgo y de la incertidumbre - VIII. Estructuras y métodos para el estudio de la incertidumbre - IX. La empresa y el beneficio - X. La empresa y el beneficio (continuación).El director asalariado - XI. La incertidumbre y el progreso social - XII. Los aspectos sociales de la incertidumbre y del beneficio | ||
| 942 | _cBK | ||
| 590 | _aniveau_biblio:m niveau_hierar:0 | ||
| 100 | 1 | _aKnight, Frank H. | |
| 999 |
_c5361 _d5361 |
||